000 00329 a2200157 4500
001 150885
040 _cEscola São Tomás de Aquino
100 _aBRAZ, Júlio Emílio
240 1 0 _aPivete
_lpor
245 1 0 _aPivete
300 _a35
362 0 _a2008
440 1 _aEditora do Brasil
697 _aPsicologia
942 _cBK
999 _c150885
_d150885